000 01172nam a2200229Ia 4500
003 Ost
005 20260507075118.0
008 260507s9999||||xx |||||||||||||| ||und||
020 _a5098119957
040 _cfsecg
041 _aara
082 _a658.80983382
100 _aالعسكري، أحمد شاكر
_eمؤلف
245 0 _aالتسويق الصناعي /
_c أحمد شاكر العسكري
250 _aطبعة 2
260 _aعمان:
_bدار وائل للنشر والتوزيع,
_c2005
300 _a313 صفحة؛
_bإيضاحات ؛
_c24 سم
520 _aمفهوم نظام التسويق الصناعي- السلع الصناعية- الطلب على السلع الصناعية- تجزئة السوق الصناعي- أبعاد سياسة المنتجات- التسعير في الأسواق الصناعية- توزيع السلع الصناعية- التوزيع المادي- الترويج للسلع الصناعية- إدارة الجودة الشاملة والمواصفات الدولية إيزو 9000
653 _aالإنتاج الصناعي- التسويق
653 _aالتسويق الصناعي
942 _cكتاب
999 _c43044
_d43044